| 000 | 00501nam a2200157 4500 | ||
|---|---|---|---|
| 001 | 121450 | ||
| 003 | ES-MaACL | ||
| 005 | 20230906191743.0 | ||
| 007 | t| | ||
| 008 | 070214s1968 sp r ||||1| spa d | ||
| 245 | 0 | 0 | _aPlan y cuestiones del Bachillerato Elemental 1967. |
| 260 |
_aMadrid : _bFederación Española de Religiosos de la Enseñanza, _c1968. |
||
| 300 |
_a128 p. ; _c19 cm. |
||
| 710 | 2 |
_aFederación Española de Religiosos de Enseñanza. _94105 |
|
| 852 |
_aES-MaACL _jC-34450 _bR.65391 |
||
| 999 |
_c121450 _d121450 |
||